LEADER 00941nam0-22003251i-450- 001 990002005990403321 005 20130325154706.0 035 $a000200599 035 $aFED01000200599 035 $a(Aleph)000200599FED01 035 $a000200599 100 $a20130325d1957----km-y0itay50------ba 101 0 $afre 102 $aFR 105 $ay---a---001yy 200 1 $a<>determinisme du sexe et l'intersexualitè$fRichard Goldschmidt 205 $a2e ed. 210 $aParis$cFelix Alcan$d1957 215 $a192 p.$cin possesso di entrambe le edizioni$d19 cm 225 1 $aNouvelle collection scientifique 610 0 $aSessualità 676 $a574.36 700 1$aGoldschmidt,$bRichard$084789 801 0$aIT$bUNINA$gRICA$2UNIMARC 901 $aBK 912 $a990002005990403321 952 $a61 III B.1/14.1$b1592$fDAGEN 959 $aDAGEN 996 $aDeterminisme du sexe et l'intersexualitè$9402846 997 $aUNINA LEADER 02267nam 2200445 450 001 9910511432503321 005 20211005195858.0 010 $a3-657-77197-2 024 7 $a10.30965/9783657771974 035 $a(CKB)4920000000125108 035 $z(OCoLC)780104795 035 $a(nllekb)BRILL9783657771974 035 $a(MiAaPQ)EBC6516749 035 $a(Au-PeEL)EBL6516749 035 $a(OCoLC)1243554847 035 $a(EXLCZ)994920000000125108 100 $a20191130d2012 uy 0 101 0 $aeng 135 $aurun| uuuua 181 $ctxt$2rdacontent 182 $cc$2rdamedia 183 $2rdacarrier 200 10$aSpielend lerne ich! $ea Wie Sie Ihr Kind spielerisch fördern /$fMichaela Grubbauer 210 1$aPaderborn :$cVerlag Ferdinand Schöningh,$d2012. 215 $a1 online resource 225 1 $aHELP - Hilfe für Eltern, Lehrer, Pädagogen 311 $a3-506-77197-3 330 $aDas Spielen von Kindern ist mehr als Zeitvertreib! Durch Spielen lernen Kinder und entdecken so sich und ihre Welt. Ergebnisse aus der Forschung belegen, dass sich frühkindliche Förderung positiv auf den Schulerfolg auswirkt. Aber wie können Sie Ihr Kind von Anfang an in seiner Entwicklung optimal unterstützen, ohne es dabei zu überfordern? Dieser HELP-Band begleitet Sie und Ihr Kind in den ersten Lebensjahren bis zum Grundschulalter, damit eine um-fassende Förderung gelingt. Dabei steht das Spiel als wichtigste Beschäftigung im Mittelpunkt. Mit einfachen Spielen sollen Kinder ihrem Alter entsprechend gefördert werden. Nach Altersstufen gegliederte Kapitel führen zunächst in die kindliche Entwicklung ein und präsentieren konkrete Spielanleitungen zur Förderung von Motorik, Sprache, Sozialverhalten, Kreativität und Wahrnehmungsfähigkeit. Viele nützliche Tipps für den Alltag und ein lockeres, farbiges Layout runden den Band ab. 410 0$aHELP - Hilfe für Eltern, Lehrer, Pädagogen. 606 $aTeacher educators 608 $aElectronic books. 615 0$aTeacher educators. 676 $a649.5 700 $aGrubbauer$b Michaela$01066557 801 0$bNL-LeKB 801 1$bNL-LeKB 906 $aBOOK 912 $a9910511432503321 996 $aSpielend lerne ich$92549418 997 $aUNINA